| 000 | 00783nam a2200265Ia 4500 | ||
|---|---|---|---|
| 003 | OSt | ||
| 005 | 20220918174253.0 | ||
| 006 | a|||||r|||| 00| 0 | ||
| 007 | ta | ||
| 008 | 220917b |||||||| |||| 00| 0 eng d | ||
| 024 | _a11,330 | ||
| 037 | _cTextual | ||
| 040 |
_aARTS _cARTS _beng |
||
| 041 |
_2eng _aeng |
||
| 082 | _aM4(E113).281.N6, K4 | ||
| 100 |
_aNautiyal K C. _949763 |
||
| 245 | 0 | _aBrass and copper art wares of Delhi ed by Baldev Raj | |
| 260 |
_aDelhi _bManager of Pub _c1964 |
||
| 300 |
_a206p plates,maps _ccm. |
||
| 490 | _aGensus of India 1961xixpart v11 (1) | ||
| 500 | _aGlossary of the native terms p189-205 | ||
| 650 | _aINDUSTRIAL ARTS | ||
| 942 |
_hM4(E113).281.N6, K4 _cTEXL _2CC |
||
| 999 |
_c152442 _d152442 |
||